00410nam a2200121Ia 4500008004100000082001600041100002100057245005300078260002500131942001100156999001700167952010400184230320s9999||||xx |||||||||||||| ||spa|| a370.152/B35 aBelmonte, Manuel 0aMapas Conceptuales Y Uves Heurì€sticas De Gowin bEdiciones mensajeros 80cLIB c47163d47163 00104070aBC01bBC01d2023-03-20l0o370.152/B35p027850r2023-03-20 00:00:00t1w2023-03-20yLIB